Thiết kế đường đô thị

Đã lưu trong:
书目详细资料
格式: 图书
语言:Vietnamese
出版: Xây dựng 2012
主题:
标签: 添加标签
没有标签, 成为第一个标记此记录!
Thư viện lưu trữ: Mạng thư viện Đại học Đà Nẵng
LEADER 01054nam a2200313 a 4500
001 000002050
003 02784
005 20171229145311.0
008 171229s2012 vie
020 |a 162148 
040 |a LSK 
041 0 |a VIE 
082 0 |a 711.73  |b PH-Đ 
245 0 0 |a Thiết kế đường đô thị  |c TS. Phạm Hữu Đức chủ biên; Nguyễn Văn Thịnh, Trần Hữu Diện 
260 |b Xây dựng  |c 2012 
300 |a 216 pages  |c 27 cm. 
653 |a Đường đô thị - Thiết kế 
852 |a Phòng Đọc - Phòng Mượn 
901 |a 18 
927 |a Sách chuyên khảo 
OWN |a LSK 
AVA |a UDN50  |b LSK  |d 711.73 PH-Đ  |e check_holdings  |t Error 5003 Not defined in file expand_doc_bib_avail.  |h N  |k 1 
999 |a From the UDN01 
AVA |a UDN50  |b LSK  |d 711.73 PH-Đ  |e available  |t Error 5001 Not defined in file expand_doc_bib_avail.  |f 18  |g 0  |h N  |i 0  |k 1 
TYP |a Monograph 
TYP |a Printed language 
980 |a Mạng thư viện Đại học Đà Nẵng